[Event "DEM U12 2025"]
[Site "Willingen GER"]
[Date "2025.06.09"]
[Round "3"]
[White "Nezhyvenko, Mykhaylo"]
[Black "Meitzner, Jonathan Franz"]
[Result "1-0"]
[Termination "normal"]
[Board "1"]
[WhiteElo "2165"]
[BlackElo "1766"]
[WhiteClock "00:54:48"]
[BlackClock "00:30:06"]
[PlyCount "87"]
[WhiteFideId "34139885"]
[BlackFideId "34616110"]
[EventCountry "GER"]
[EventRounds "9"]
[EventType "swiss"]
[EventDate "2025.06.07"]

1. e4 {[%clk 01:30:58]} {[%emt 00:00:02]} c5 {[%clk 01:30:54]} {[%emt
00:00:06]} 2. Nf3 {[%clk 01:31:04]} {[%emt 00:00:23]} e6 {[%clk 01:30:35]}
{[%emt 00:00:51]} 3. c3 {[%clk 01:30:48]} {[%emt 00:00:45]} Nf6 {[%clk
01:30:06]} {[%emt 00:00:59]} 4. Bd3 {[%clk 01:20:33]} {[%emt 00:10:46]} d5
{[%clk 01:21:35]} {[%emt 00:09:01]} 5. e5 {[%clk 01:20:53]} {[%emt 00:00:09]}
Nfd7 {[%clk 01:21:38]} {[%emt 00:00:28]} 6. O-O {[%clk 01:17:59]} {[%emt
00:03:23]} Nc6 {[%clk 01:20:56]} {[%emt 00:01:13]} 7. Re1 {[%clk 01:18:22]}
{[%emt 00:00:06]} g6 {[%clk 01:16:52]} {[%emt 00:04:36]} 8. Bc2 {[%clk
01:18:27]} {[%emt 00:00:24]} h5 {[%clk 01:05:48]} {[%emt 00:11:34]} 9. d4
{[%clk 01:17:33]} {[%emt 00:01:23]} Be7 {[%clk 01:05:49]} {[%emt 00:00:29]} 10.
c4 {[%clk 01:16:13]} {[%emt 00:01:51]} Nb4 {[%clk 00:54:01]} {[%emt 00:12:18]}
11. cxd5 {[%clk 01:15:44]} {[%emt 00:00:59]} Nxd5 {[%emt 00:01:58]} 12. Nc3
{[%clk 01:16:00]} {[%emt 00:00:12]} Nxc3 {[%clk 00:51:55]} {[%emt 00:01:10]}
13. bxc3 {[%clk 01:16:27]} {[%emt 00:00:03]} cxd4 {[%clk 00:48:42]} {[%emt
00:03:42]} 14. cxd4 {[%clk 01:16:38]} {[%emt 00:00:18]} Nb6 {[%clk 00:48:40]}
{[%emt 00:00:34]} 15. Bd2 {[%clk 01:16:03]} {[%emt 00:01:04]} Nd5 {[%clk
00:45:05]} {[%emt 00:04:05]} 16. Qc1 {[%clk 01:14:51]} {[%emt 00:01:43]} Bd7
{[%clk 00:41:29]} {[%emt 00:04:06]} 17. Bg5 {[%clk 01:08:03]} {[%emt 00:07:17]}
Rc8 {[%clk 00:34:15]} {[%emt 00:07:44]} 18. Bxe7 {[%clk 01:06:14]} {[%emt
00:02:19]} Qxe7 {[%clk 00:34:25]} {[%emt 00:00:21]} 19. Qb1 {[%clk 01:03:37]}
{[%emt 00:03:06]} Bc6 {[%clk 00:32:49]} {[%emt 00:02:07]} 20. Be4 {[%clk
01:01:19]} {[%emt 00:02:48]} Kf8 {[%clk 00:30:08]} {[%emt 00:03:11]} 21. Qc1
{[%clk 00:59:30]} {[%emt 00:02:19]} Kg7 {[%clk 00:29:24]} {[%emt 00:01:14]} 22.
Qd2 {[%clk 00:58:55]} {[%emt 00:01:01]} Rhd8 {[%clk 00:27:45]} {[%emt
00:02:11]} 23. Rab1 {[%clk 00:56:03]} {[%emt 00:03:23]} a6 {[%clk 00:26:01]}
{[%emt 00:02:15]} 24. Rbc1 {[%clk 00:54:26]} {[%emt 00:02:06]} Rh8 {[%clk
00:23:14]} {[%emt 00:03:17]} 25. h4 {[%clk 00:52:14]} {[%emt 00:02:43]} Rhd8
{[%clk 00:22:00]} {[%emt 00:01:44]} 26. Rc5 {[%clk 00:49:54]} {[%emt 00:02:49]}
Rc7 {[%clk 00:19:38]} {[%emt 00:02:53]} 27. Rec1 {[%clk 00:49:50]} {[%emt
00:00:33]} Rcd7 {[%clk 00:18:28]} {[%emt 00:01:40]} 28. Re1 {[%clk 00:41:52]}
{[%emt 00:08:29]} Rc7 {[%clk 00:18:20]} {[%emt 00:00:38]} 29. g3 {[%clk
00:38:46]} {[%emt 00:03:36]} Rcc8 {[%clk 00:17:49]} {[%emt 00:01:01]} 30. Kg2
{[%clk 00:37:28]} {[%emt 00:01:48]} Kh7 {[%clk 00:16:08]} {[%emt 00:02:11]} 31.
Qb2 {[%clk 00:35:25]} {[%emt 00:02:32]} Qd7 {[%clk 00:14:50]} {[%emt 00:01:49]}
32. Qc1 {[%clk 00:33:43]} {[%emt 00:02:12]} Qe7 {[%clk 00:14:01]} {[%emt
00:01:19]} 33. a3 {[%clk 00:28:44]} {[%emt 00:05:29]} Rc7 {[%clk 00:12:13]}
{[%emt 00:02:18]} 34. Ng5+ {[%clk 00:28:43]} {[%emt 00:00:30]} Kg7 {[%clk
00:12:16]} {[%emt 00:00:26]} 35. Bf3 {[%clk 00:28:46]} {[%emt 00:00:28]} Rcd7
{[%clk 00:11:20]} {[%emt 00:01:27]} 36. Ne4 {[%clk 00:28:50]} {[%emt 00:00:25]}
Nb6 {[%clk 00:08:24]} {[%emt 00:03:26]} 37. Nf6 {[%clk 00:25:49]} {[%emt
00:03:31]} Bxf3+ {[%clk 00:08:14]} {[%emt 00:00:40]} 38. Kxf3 {[%clk 00:26:16]}
{[%emt 00:00:02]} Rxd4 {[%clk 00:07:47]} {[%emt 00:00:59]} 39. Rc7 {[%clk
00:26:19]} {[%emt 00:00:25]} Rd3+ {[%clk 00:05:59]} {[%emt 00:02:19]} 40. Kg2
{[%clk 00:25:57]} {[%emt 00:00:52]} Qxa3 {[%clk 00:06:09]} {[%emt 00:00:20]}
41. Qg5 {[%clk 00:24:16]} {[%emt 00:02:11]} Qf8 {[%clk 00:02:53]} {[%emt
00:03:46]} 42. Nxh5+ {[%clk 00:24:20]} {[%emt 00:00:26]} Kg8 {[%clk 00:30:11]}
{[%emt 00:03:12]} 43. Nf6+ {[%clk 00:54:33]} {[%emt 00:00:18]} Kg7 {[%clk
00:30:06]} {[%emt 00:00:29]} 44. h5 {[%clk 00:54:48]} {[%emt 00:00:19]} 1-0

[Event "DEM U12 2025"]
[Site "Willingen GER"]
[Date "2025.06.09"]
[Round "3"]
[White "Belin, Anton"]
[Black "Shen, Tingrui"]
[Result "1-0"]
[Termination "normal"]
[Board "2"]
[WhiteElo "2061"]
[BlackElo "2101"]
[WhiteClock "00:37:14"]
[BlackClock "00:01:38"]
[PlyCount "65"]
[WhiteFideId "34610952"]
[BlackFideId "34603441"]
[EventCountry "GER"]
[EventRounds "9"]
[EventType "swiss"]
[EventDate "2025.06.07"]

1. e4 {[%clk 01:30:56]} {[%emt 00:00:03]} c5 {[%clk 01:30:40]} {[%emt
00:00:20]} 2. Nf3 {[%clk 01:31:20]} {[%emt 00:00:07]} d6 {[%clk 01:30:47]}
{[%emt 00:00:22]} 3. d4 {[%clk 01:31:37]} {[%emt 00:00:13]} cxd4 {[%clk
01:31:08]} {[%emt 00:00:09]} 4. Nxd4 {[%clk 01:31:39]} {[%emt 00:00:28]} Nf6
{[%clk 01:31:23]} {[%emt 00:00:16]} 5. Nc3 {[%clk 01:31:46]} {[%emt 00:00:22]}
a6 {[%clk 01:31:25]} {[%emt 00:00:28]} 6. Bc4 {[%clk 01:31:45]} {[%emt
00:00:31]} g6 {[%clk 01:28:07]} {[%emt 00:03:47]} 7. f3 {[%clk 01:29:18]}
{[%emt 00:02:57]} Bg7 {[%clk 01:28:06]} {[%emt 00:00:31]} 8. Be3 {[%clk
01:28:41]} {[%emt 00:01:08]} Nc6 {[%clk 01:25:51]} {[%emt 00:02:44]} 9. Qd2
{[%clk 01:27:23]} {[%emt 00:01:48]} Bd7 {[%clk 01:24:34]} {[%emt 00:01:47]} 10.
O-O {[%clk 01:23:59]} {[%emt 00:03:54]} O-O {[%clk 01:23:47]} {[%emt 00:01:16]}
11. Kh1 {[%clk 01:22:05]} {[%emt 00:02:25]} Rc8 {[%clk 01:20:52]} {[%emt
00:03:25]} 12. Nxc6 {[%clk 01:17:40]} {[%emt 00:04:55]} Bxc6 {[%clk 01:20:52]}
{[%emt 00:00:30]} 13. Bb3 {[%clk 01:16:33]} {[%emt 00:01:38]} Nd7 {[%clk
01:18:09]} {[%emt 00:03:12]} 14. Rad1 {[%clk 01:15:17]} {[%emt 00:01:46]} b5
{[%clk 01:11:58]} {[%emt 00:06:41]} 15. Bh6 {[%clk 01:13:23]} {[%emt 00:02:24]}
Nc5 {[%clk 01:06:51]} {[%emt 00:05:37]} 16. Bxg7 {[%clk 01:11:24]} {[%emt
00:02:29]} Kxg7 {[%clk 01:04:58]} {[%emt 00:02:24]} 17. Bd5 {[%clk 01:09:48]}
{[%emt 00:02:06]} Qb6 {[%clk 00:49:36]} {[%emt 00:15:52]} 18. Bxc6 {[%clk
01:05:35]} {[%emt 00:04:42]} Qxc6 {[%clk 00:47:31]} {[%emt 00:02:35]} 19. Nd5
{[%clk 01:03:38]} {[%emt 00:02:28]} Rfe8 {[%clk 00:45:20]} {[%emt 00:02:41]}
20. c3 {[%clk 01:02:40]} {[%emt 00:01:27]} Rcd8 {[%clk 00:35:56]} {[%emt
00:09:54]} 21. Rde1 {[%clk 00:59:50]} {[%emt 00:03:20]} f6 {[%clk 00:32:22]}
{[%emt 00:04:05]} 22. Ne3 {[%clk 00:56:46]} {[%emt 00:03:34]} h5 {[%clk
00:26:36]} {[%emt 00:06:15]} 23. Nd5 {[%clk 00:46:30]} {[%emt 00:10:47]} Nd7
{[%clk 00:22:16]} {[%emt 00:04:50]} 24. f4 {[%clk 00:44:56]} {[%emt 00:02:03]}
e6 {[%clk 00:14:59]} {[%emt 00:07:47]} 25. Nb4 {[%clk 00:45:01]} {[%emt
00:00:26]} Qb6 {[%clk 00:12:51]} {[%emt 00:02:38]} 26. f5 {[%clk 00:44:23]}
{[%emt 00:01:07]} a5 {[%clk 00:06:58]} {[%emt 00:06:23]} 27. Nc2 {[%clk
00:42:53]} {[%emt 00:02:01]} Nf8 {[%clk 00:05:36]} {[%emt 00:01:52]} 28. fxg6
{[%clk 00:41:13]} {[%emt 00:02:10]} Nxg6 {[%clk 00:05:35]} {[%emt 00:00:30]}
29. Nd4 {[%clk 00:40:11]} {[%emt 00:01:33]} Qc5 {[%clk 00:03:27]} {[%emt
00:02:38]} 30. Qf2 {[%clk 00:39:18]} {[%emt 00:01:23]} Qg5 {[%clk 00:03:25]}
{[%emt 00:00:31]} 31. Re3 {[%clk 00:37:32]} {[%emt 00:02:16]} Rd7 {[%clk
00:01:40]} {[%emt 00:02:16]} 32. Rg3 {[%clk 00:37:14]} {[%emt 00:00:48]} Qe5
{[%clk 00:01:38]} {[%emt 00:00:32]} 33. Nf3 {[%emt 00:02:32]} 1-0

[Event "DEM U12 2025"]
[Site "Willingen GER"]
[Date "2025.06.09"]
[Round "3"]
[White "Li, Yunqi"]
[Black "Moskalenko, Michael"]
[Result "1-0"]
[Termination "normal"]
[Board "3"]
[WhiteElo "2124"]
[BlackElo "1720"]
[WhiteClock "01:02:04"]
[BlackClock "00:43:38"]
[PlyCount "61"]
[WhiteFideId "34610618"]
[BlackFideId "34608877"]
[EventCountry "GER"]
[EventRounds "9"]
[EventType "swiss"]
[EventDate "2025.06.07"]

1. d4 {[%clk 01:30:57]} {[%emt 00:00:02]} Nf6 {[%clk 01:30:56]} {[%emt
00:00:04]} 2. Nf3 {[%clk 01:31:23]} {[%emt 00:00:04]} g6 {[%clk 01:31:22]}
{[%emt 00:00:05]} 3. Bg5 {[%clk 01:31:47]} {[%emt 00:00:05]} Bg7 {[%clk
01:31:48]} {[%emt 00:00:05]} 4. Nbd2 {[%clk 01:32:09]} {[%emt 00:00:08]} d5
{[%clk 01:32:11]} {[%emt 00:00:06]} 5. e3 {[%clk 01:32:28]} {[%emt 00:00:11]}
O-O {[%clk 01:32:36]} {[%emt 00:00:06]} 6. c3 {[%clk 01:32:53]} {[%emt
00:00:04]} c5 {[%clk 01:33:03]} {[%emt 00:00:04]} 7. Bd3 {[%clk 01:33:16]}
{[%emt 00:00:07]} h6 {[%clk 01:33:26]} {[%emt 00:00:07]} 8. Bh4 {[%clk
01:33:26]} {[%emt 00:00:19]} Qb6 {[%clk 01:33:45]} {[%emt 00:00:12]} 9. Rb1
{[%clk 01:33:45]} {[%emt 00:00:10]} Nc6 {[%clk 01:30:41]} {[%emt 00:03:34]} 10.
O-O {[%clk 01:34:06]} {[%emt 00:00:09]} Re8 {[%clk 01:31:08]} {[%emt 00:00:03]}
11. b4 {[%clk 01:33:27]} {[%emt 00:01:08]} c4 {[%clk 01:26:33]} {[%emt
00:05:05]} 12. Bc2 {[%clk 01:33:11]} {[%emt 00:00:46]} e5 {[%clk 01:09:36]}
{[%emt 00:17:27]} 13. b5 {[%clk 01:31:34]} {[%emt 00:02:07]} Ne7 {[%clk
01:04:39]} {[%emt 00:05:27]} 14. Nxe5 {[%clk 01:30:30]} {[%emt 00:01:34]} Bf5
{[%clk 01:03:15]} {[%emt 00:01:54]} 15. Re1 {[%clk 01:21:14]} {[%emt 00:09:45]}
Ne4 {[%clk 01:00:20]} {[%emt 00:03:25]} 16. Bxe4 {[%clk 01:14:26]} {[%emt
00:07:18]} Bxe4 {[%clk 01:00:43]} {[%emt 00:00:07]} 17. Nxe4 {[%clk 01:14:03]}
{[%emt 00:00:53]} dxe4 {[%clk 01:01:09]} {[%emt 00:00:04]} 18. Bxe7 {[%clk
01:10:48]} {[%emt 00:03:46]} Bxe5 {[%clk 00:59:42]} {[%emt 00:01:57]} 19. Bc5
{[%clk 01:11:08]} {[%emt 00:00:09]} Qc7 {[%clk 00:59:56]} {[%emt 00:00:16]} 20.
b6 {[%clk 01:09:18]} {[%emt 00:02:20]} Qc6 {[%clk 00:59:30]} {[%emt 00:00:56]}
21. bxa7 {[%clk 01:08:56]} {[%emt 00:00:52]} Bc7 {[%clk 00:59:29]} {[%emt
00:00:30]} 22. a3 {[%clk 01:07:53]} {[%emt 00:01:33]} b6 {[%clk 00:59:28]}
{[%emt 00:00:32]} 23. Bb4 {[%clk 01:08:15]} {[%emt 00:00:07]} Rxa7 {[%clk
00:59:37]} {[%emt 00:00:22]} 24. d5 {[%clk 01:01:14]} {[%emt 00:07:31]} Qd7
{[%clk 00:50:18]} {[%emt 00:09:49]} 25. d6 {[%clk 01:01:14]} {[%emt 00:00:29]}
Bb8 {[%clk 00:48:32]} {[%emt 00:02:16]} 26. Qd5 {[%clk 01:00:42]} {[%emt
00:01:03]} b5 {[%clk 00:48:25]} {[%emt 00:00:37]} 27. Red1 {[%clk 01:01:02]}
{[%emt 00:00:09]} Ra6 {[%clk 00:47:43]} {[%emt 00:01:13]} 28. Rd4 {[%clk
01:01:11]} {[%emt 00:00:21]} Qc6 {[%clk 00:45:17]} {[%emt 00:02:56]} 29. Qxc6
{[%clk 01:01:16]} {[%emt 00:00:25]} Rxc6 {[%clk 00:45:38]} {[%emt 00:00:09]}
30. d7 {[%clk 01:01:42]} {[%emt 00:00:04]} Rd8 {[%clk 00:43:38]} {[%emt
00:02:30]} 31. Be7 {[%clk 01:02:04]} {[%emt 00:00:07]} 1-0

[Event "DEM U12 2025"]
[Site "Willingen GER"]
[Date "2025.06.09"]
[Round "3"]
[White "Aguike, Toshiya"]
[Black "Fadeev, Justin Michael"]
[Result "1/2-1/2"]
[Termination "normal"]
[Board "4"]
[WhiteElo "1953"]
[BlackElo "2060"]
[WhiteClock "00:44:41"]
[BlackClock "00:24:43"]
[PlyCount "95"]
[WhiteFideId "34611347"]
[BlackFideId "34602968"]
[EventCountry "GER"]
[EventRounds "9"]
[EventType "swiss"]
[EventDate "2025.06.07"]

1. e4 {[%clk 01:30:55]} {[%emt 00:00:04]} c5 {[%clk 01:30:58]} {[%emt
00:00:04]} 2. Nf3 {[%clk 01:31:16]} {[%emt 00:00:08]} Nc6 {[%clk 01:31:25]}
{[%emt 00:00:03]} 3. d4 {[%clk 01:31:38]} {[%emt 00:00:08]} cxd4 {[%clk
01:31:49]} {[%emt 00:00:06]} 4. Nxd4 {[%clk 01:32:03]} {[%emt 00:00:05]} g6
{[%clk 01:32:10]} {[%emt 00:00:08]} 5. c4 {[%clk 01:32:24]} {[%emt 00:00:09]}
Bg7 {[%clk 01:32:36]} {[%emt 00:00:04]} 6. Be3 {[%clk 01:32:50]} {[%emt
00:00:04]} Nf6 {[%clk 01:32:45]} {[%emt 00:00:22]} 7. Nc3 {[%clk 01:33:11]}
{[%emt 00:00:09]} O-O {[%clk 01:32:50]} {[%emt 00:00:25]} 8. Be2 {[%clk
01:33:34]} {[%emt 00:00:06]} d6 {[%clk 01:33:14]} {[%emt 00:00:07]} 9. Qd2
{[%clk 01:32:20]} {[%emt 00:01:43]} Nxd4 {[%clk 01:28:46]} {[%emt 00:04:59]}
10. Bxd4 {[%clk 01:31:27]} {[%emt 00:01:23]} Be6 {[%clk 01:27:30]} {[%emt
00:01:46]} 11. O-O {[%clk 01:28:24]} {[%emt 00:03:32]} Rc8 {[%clk 01:23:05]}
{[%emt 00:04:56]} 12. b3 {[%clk 01:25:49]} {[%emt 00:03:05]} Qa5 {[%clk
01:18:16]} {[%emt 00:05:18]} 13. Rad1 {[%clk 01:20:46]} {[%emt 00:05:30]} Rfd8
{[%clk 01:07:04]} {[%emt 00:11:46]} 14. Kh1 {[%clk 01:12:15]} {[%emt 00:09:01]}
Nd7 {[%clk 01:00:17]} {[%emt 00:07:17]} 15. Bxg7 {[%clk 01:10:37]} {[%emt
00:02:07]} Kxg7 {[%clk 01:00:33]} {[%emt 00:00:15]} 16. f4 {[%clk 01:07:47]}
{[%emt 00:03:19]} Nf6 {[%clk 00:46:51]} {[%emt 00:14:13]} 17. f5 {[%clk
01:02:37]} {[%emt 00:05:40]} Bd7 {[%clk 00:46:30]} {[%emt 00:00:51]} 18. Qe3
{[%clk 01:02:45]} {[%emt 00:00:21]} Qe5 {[%clk 00:41:22]} {[%emt 00:05:38]} 19.
Qd3 {[%clk 00:50:36]} {[%emt 00:12:39]} b5 {[%clk 00:34:49]} {[%emt 00:07:03]}
20. Rde1 {[%clk 00:42:36]} {[%emt 00:08:30]} b4 {[%clk 00:25:30]} {[%emt
00:09:50]} 21. Nd5 {[%clk 00:41:23]} {[%emt 00:01:42]} Nxd5 {[%clk 00:25:19]}
{[%emt 00:00:41]} 22. exd5 {[%clk 00:40:47]} {[%emt 00:01:07]} Bxf5 {[%clk
00:23:22]} {[%emt 00:02:27]} 23. Qf3 {[%clk 00:40:57]} {[%emt 00:00:20]} Qd4
{[%clk 00:18:28]} {[%emt 00:05:23]} 24. Bd1 {[%clk 00:40:46]} {[%emt 00:00:41]}
h5 {[%clk 00:14:36]} {[%emt 00:04:23]} 25. Qg3 {[%clk 00:34:09]} {[%emt
00:07:06]} h4 {[%clk 00:13:00]} {[%emt 00:02:07]} 26. Qg5 {[%clk 00:32:20]}
{[%emt 00:02:19]} Qf6 {[%clk 00:12:04]} {[%emt 00:01:26]} 27. Qe3 {[%clk
00:32:07]} {[%emt 00:00:41]} Rc7 {[%clk 00:09:55]} {[%emt 00:02:41]} 28. Bc2
{[%clk 00:30:11]} {[%emt 00:02:25]} e6 {[%clk 00:09:36]} {[%emt 00:00:50]} 29.
g4 {[%clk 00:25:59]} {[%emt 00:04:41]} hxg3 {[%clk 00:09:51]} {[%emt 00:00:16]}
30. Qxg3 {[%clk 00:26:21]} {[%emt 00:00:07]} Qc3 {[%clk 00:06:51]} {[%emt
00:03:31]} 31. Qxc3+ {[%clk 00:24:49]} {[%emt 00:02:01]} bxc3 {[%clk 00:07:15]}
{[%emt 00:00:06]} 32. Bxf5 {[%clk 00:25:14]} {[%emt 00:00:05]} exf5 {[%clk
00:07:39]} {[%emt 00:00:07]} 33. Rf3 {[%clk 00:25:05]} {[%emt 00:00:38]} c2
{[%clk 00:07:05]} {[%emt 00:01:04]} 34. Rc3 {[%clk 00:24:52]} {[%emt 00:00:44]}
Kf6 {[%clk 00:07:16]} {[%emt 00:00:19]} 35. Rxc2 {[%clk 00:25:11]} {[%emt
00:00:10]} g5 {[%clk 00:06:58]} {[%emt 00:00:49]} 36. Rce2 {[%clk 00:24:12]}
{[%emt 00:01:28]} f4 {[%clk 00:05:39]} {[%emt 00:01:51]} 37. Kg2 {[%clk
00:23:52]} {[%emt 00:00:49]} Rh8 {[%clk 00:03:57]} {[%emt 00:02:12]} 38. h3
{[%clk 00:22:48]} {[%emt 00:01:32]} Rh4 {[%clk 00:02:15]} {[%emt 00:02:14]} 39.
Re8 {[%clk 00:22:33]} {[%emt 00:00:45]} Rd7 {[%clk 00:01:16]} {[%emt 00:01:29]}
40. R1e4 {[%clk 00:19:33]} {[%emt 00:03:30]} Kf5 {[%clk 00:00:46]} {[%emt
00:01:00]} 41. R4e7 {[%clk 00:19:42]} {[%emt 00:00:20]} Rxe7 {[%clk 00:30:01]}
{[%emt 00:01:15]} 42. Rxe7 {[%clk 00:46:51]} {[%emt 00:03:21]} f6 {[%clk
00:29:39]} {[%emt 00:00:53]} 43. Re6 {[%clk 00:46:05]} {[%emt 00:01:15]} f3+
{[%clk 00:26:50]} {[%emt 00:03:20]} 44. Kxf3 {[%clk 00:45:08]} {[%emt
00:01:27]} Rxh3+ {[%clk 00:27:15]} {[%emt 00:00:05]} 45. Kg2 {[%clk 00:45:34]}
{[%emt 00:00:03]} Rc3 {[%clk 00:24:18]} {[%emt 00:03:27]} 46. Rxd6 {[%clk
00:44:41]} {[%emt 00:01:24]} Rc2+ {[%clk 00:24:43]} {[%emt 00:00:05]} 47. Kg3
Rc3+ {[%clk 00:24:43]} 48. Kg2 1/2-1/2

[Event "DEM U12 2025"]
[Site "Willingen GER"]
[Date "2025.06.09"]
[Round "3"]
[White "Zargaran, Sepas"]
[Black "Sheng, Ming"]
[Result "0-1"]
[Termination "normal"]
[Board "5"]
[WhiteElo "1944"]
[BlackElo "2038"]
[WhiteClock "00:36:11"]
[BlackClock "00:11:29"]
[PlyCount "56"]
[WhiteFideId "34625275"]
[BlackFideId "34605258"]
[EventCountry "GER"]
[EventRounds "9"]
[EventType "swiss"]
[EventDate "2025.06.07"]

1. e4 {[%clk 01:30:58]} {[%emt 00:00:01]} c6 {[%emt 00:00:19]} 2. d4 {[%clk
01:31:12]} d5 {[%clk 01:31:23]} {[%emt 00:00:04]} 3. e5 {[%clk 01:31:34]}
{[%emt 00:00:09]} Bf5 {[%clk 01:31:44]} {[%emt 00:00:09]} 4. Nc3 {[%clk
01:31:55]} {[%emt 00:00:08]} e6 {[%clk 01:32:10]} {[%emt 00:00:04]} 5. g4
{[%clk 01:32:21]} {[%emt 00:00:04]} Bg6 {[%clk 01:32:30]} {[%emt 00:00:10]} 6.
Nge2 {[%clk 01:32:46]} {[%emt 00:00:06]} c5 {[%clk 01:32:48]} {[%emt 00:00:12]}
7. h4 {[%clk 01:33:09]} {[%emt 00:00:06]} h5 {[%clk 01:33:04]} {[%emt
00:00:14]} 8. Nf4 {[%clk 01:33:34]} {[%emt 00:00:06]} Bh7 {[%clk 01:33:21]}
{[%emt 00:00:12]} 9. g5 {[%clk 01:33:59]} {[%emt 00:00:06]} cxd4 {[%clk
01:33:27]} {[%emt 00:00:24]} 10. Nb5 {[%clk 01:34:20]} {[%emt 00:00:08]} Be4
{[%clk 01:33:36]} {[%emt 00:00:21]} 11. f3 {[%clk 01:34:42]} {[%emt 00:00:08]}
Bf5 {[%clk 01:34:03]} {[%emt 00:00:03]} 12. Nxd4 {[%clk 01:34:59]} {[%emt
00:00:14]} Ne7 {[%clk 01:34:16]} {[%emt 00:00:15]} 13. Nxf5 {[%clk 01:35:18]}
{[%emt 00:00:12]} Nxf5 {[%clk 01:34:39]} {[%emt 00:00:06]} 14. Bh3 {[%clk
01:35:38]} {[%emt 00:00:11]} g6 {[%clk 01:34:28]} {[%emt 00:00:41]} 15. Bxf5
{[%clk 01:35:47]} {[%emt 00:00:22]} gxf5 {[%clk 01:34:53]} {[%emt 00:00:04]}
16. Be3 {[%clk 01:29:17]} {[%emt 00:07:00]} Nc6 {[%clk 01:30:51]} {[%emt
00:04:32]} 17. g6 {[%clk 01:19:02]} {[%emt 00:10:45]} d4 {[%clk 01:16:10]}
{[%emt 00:15:10]} 18. Bd2 {[%clk 01:12:41]} {[%emt 00:06:52]} Qc7 {[%clk
01:00:21]} {[%emt 00:16:20]} 19. gxf7+ {[%clk 01:12:23]} {[%emt 00:00:47]} Kxf7
{[%clk 00:56:27]} {[%emt 00:04:24]} 20. Kf2 {[%clk 01:06:10]} {[%emt 00:06:40]}
Nxe5 {[%clk 00:40:51]} {[%emt 00:16:09]} 21. Nxe6 {[%clk 00:53:21]} {[%emt
00:13:18]} Kxe6 {[%clk 00:35:24]} {[%emt 00:05:57]} 22. Re1 {[%clk 00:51:46]}
{[%emt 00:02:05]} Kf7 {[%clk 00:34:58]} {[%emt 00:00:56]} 23. Bf4 {[%clk
00:51:59]} {[%emt 00:00:18]} Re8 {[%clk 00:25:21]} {[%emt 00:10:07]} 24. c3
{[%clk 00:45:21]} {[%emt 00:07:09]} d3 {[%clk 00:19:47]} {[%emt 00:06:03]} 25.
Qb3+ {[%clk 00:40:01]} {[%emt 00:05:50]} Kf6 {[%clk 00:15:29]} {[%emt
00:04:48]} 26. Bg5+ {[%clk 00:37:27]} {[%emt 00:03:04]} Kg6 {[%clk 00:15:10]}
{[%emt 00:00:49]} 27. Rg1 {[%clk 00:36:53]} {[%emt 00:01:03]} Ng4+ {[%clk
00:11:25]} {[%emt 00:04:15]} 28. fxg4 {[%clk 00:36:11]} {[%emt 00:01:12]} Qh2+
{[%clk 00:11:29]} {[%emt 00:00:26]} 0-1